Coupe du Monde 2022: Vrai ou faux - Statistiques

Statistiques générales
  • Ce quiz a été pris 605 fois
  • Le résultat moyen est 10 sur 15
Statistiques - réponses
Question Réponse % Correct
Le Maroc est la première équipe d'Afrique à atteindre les demi-finales d'une Coupe du Monde Vrai
98%
L'Argentine a remporté sa troisième Coupe du Monde en 2022 Vrai
90%
La Croatie termine pour la troisième fois de son histoire sur le podium Vrai
83%
En marquant un but en 2022, Cristiano Ronaldo, est devenu le premier joueur à marqué lors de 5 Coupes du Monde différentes Vrai
81%
Le Pays de Galles participait à sa première Coupe du Monde Faux
79%
Stéphanie Frappart est devenue la première femme à arbitrer un match de Coupe du Monde Vrai
79%
Le Qatar est le premier Pays Organisateur à perdre ses 3 matchs du Premier Tour Vrai
73%
Espagne - Costa Rica s'est terminé sur le score de 7-0 Vrai
71%
Le Canada a participé à sa première Coupe du Monde de football en 2022 Faux
67%
Le Mexique à été éliminé en Huitièmes de Finale Faux
58%
Le Brésil à perdu pour la première fois en Coupe du Monde contre un pays Africain Vrai
54%
172 buts ont été marqués lors de la Coupe du Monde Vrai
54%
Les Pays-Bas est la seule équipe n'ayant perdu aucun match lors de la Coupe du Monde Vrai
52%
En battant l'Argentine, l'Arabie Saoudite à gagné le premier match de son histoire en Coupe du Monde Faux
40%
Kylian Mbappé termine meilleur buteur de la compétition avec 9 buts Faux
33%
Aucun quiz correspondant
Distribution des résultats
% des personnes avec chaque résultat
Percentile par nombre de réponses
Votre historique - résultats
Vous n’avez pas pris ce quiz